katie kazoo, switchero: (Record no. 10365)
[ view plain ]
| 000 -LEADER | |
|---|---|
| fixed length control field | 00885nam a22001937a 4500 |
| 003 - CONTROL NUMBER IDENTIFIER | |
| control field | OSt |
| 005 - DATE AND TIME OF LATEST TRANSACTION | |
| control field | 20260513004759.0 |
| 008 - FIXED-LENGTH DATA ELEMENTS--GENERAL INFORMATION | |
| fixed length control field | 260513b |||||||| |||| 00| 0 eng d |
| 040 ## - CATALOGING SOURCE | |
| Original cataloging agency | DWCL GS lib |
| Transcribing agency | OC |
| 082 ## - DEWEY DECIMAL CLASSIFICATION NUMBER | |
| Classification number | Fic. K94k 2002 |
| 100 ## - MAIN ENTRY--PERSONAL NAME | |
| Personal name | Krulik, Nancy |
| 245 ## - TITLE STATEMENT | |
| Title | katie kazoo, switchero: |
| Remainder of title | oh baby! |
| Statement of responsibility, etc. | Nancy Krulik |
| 260 ## - PUBLICATION, DISTRIBUTION, ETC. | |
| Place of publication, distribution, etc. | New York |
| Name of publisher, distributor, etc. | Groset |& Dunlap |
| Date of publication, distribution, etc. | c2002 |
| 300 ## - PHYSICAL DESCRIPTION | |
| Extent | 76 |
| Other physical details | illustrations |
| Dimensions | 21cm |
| 520 ## - SUMMARY, ETC. | |
| Summary, etc. | In Katie Kazoo, Switcheroo: Oh, Baby! (#3) by Nancy Krulik, third-grader Katie Carew is transformed by a magic wind into her best friend Suzanne’s baby sister, Heather. While trapped in the body of a baby, Katie learns to appreciate her life as a schoolkid while causing chaotic, humorous situations for Suzanne’s family. |
| 546 ## - LANGUAGE NOTE | |
| Language note | English |
| 700 ## - ADDED ENTRY--PERSONAL NAME | |
| Personal name | Nancy Krulik |
| 942 ## - ADDED ENTRY ELEMENTS (KOHA) | |
| Source of classification or shelving scheme | Dewey Decimal Classification |
| Koha item type | Fiction |
| Classification part | Fic. K94k 2002 |
| Suppress in OPAC | No |
| 952 ## - LOCATION AND ITEM INFORMATION (KOHA) | |
| -- | |
| Withdrawn status | Lost status | Source of classification or shelving scheme | Damaged status | Not for loan | Home library | Current library | Shelving location | Date acquired | Source of acquisition | Total Checkouts | Full call number | Barcode | Date last seen | Price effective from | Koha item type | Uniform Resource Identifier |
|---|---|---|---|---|---|---|---|---|---|---|---|---|---|---|---|---|
| Dewey Decimal Classification | Grade School Library | Grade School Library | Fiction | 05/13/2026 | School Fund, Donation | Fic. K94k 2002 | 20064 | 05/13/2026 | 05/13/2026 | FIC. |